000 00647nam a22002297a 4500
003 UA-OsUOA
001 97875
007 ta
008 20130408b un ||||| |||| 00| 0 ukr d
100 _aПлотников Н.
090 _a821.161.1
_bП39
942 _cBK
040 _aUA-OsUOA
_brus
_cUA-OsUOA
_dUA-OsUOA
245 _aС четверга до четверга
_bповести, рассказы
300 _a286 с.
955 _a3
041 _arus
080 _a821.161.1
260 _aМ.
_bМолодая гвардия
_c1991
650 7 _a82 Література. Літературознавство
_2UDC
999 _c384119
_d384119